Kĩ thuật sản xuất giống và nuôi tôm càng xanh

Sách giới thiệu những kỹ thuật sản xuất giống và nuôi tôm càng xanh nhằm đạt kết quả chất lượng cao.

Enregistré dans:
Détails bibliographiques
Auteur principal: Lương, Đình Trung
Format: Livre
Langue:Undetermined
Publié: Hà Nội Nông nghiệp 2000
Sujets:
Tags: Ajouter un tag
Pas de tags, Soyez le premier à ajouter un tag!
Thư viện lưu trữ: Trung tâm Học liệu Trường Đại học Cần Thơ
LEADER 00738nam a2200205Ia 4500
001 CTU_161167
008 210402s9999 xx 000 0 und d
020 |c 7200 
082 |a 639.6 
082 |b Tr513 
100 |a Lương, Đình Trung 
245 0 |a Kĩ thuật sản xuất giống và nuôi tôm càng xanh 
245 0 |c Lương Đình Trung 
260 |a Hà Nội 
260 |b Nông nghiệp 
260 |c 2000 
520 |a Sách giới thiệu những kỹ thuật sản xuất giống và nuôi tôm càng xanh nhằm đạt kết quả chất lượng cao. 
650 |a Fish culture,Shrimps 
904 |i Giang 
980 |a Trung tâm Học liệu Trường Đại học Cần Thơ